000 00968cam a22002651i 4500
003 SA-RiAUC
005 20250529055802.0
008 250526s1986 su g 00000 ara c
040 _aSA-RiAUC
_bara
_cSA-RiAUC
_erda
050 4 _b.F37 1986
082 0 4 _a228.9
_qSA-RiAUC
090 _a228.9
_b ف ق ي
100 1 _aالفقيه، أحمد حجازي
_eمؤلف.
245 1 2 _aالقول السديد في أحكام التجويد /
_cتأليف أحمد حجازي الفقيه.
250 _aالطبعة الثالثة.
264 1 _aمكة المكرمة :
_bمكتبة ومطبعة النهضة الحديثة،
_c1986
300 _a64 صفحة ؛
_c24 سم
336 _aنص
_btxt
_2rdacontent
_3كتاب
337 _aبدون وسيط
_bn
_2rdamedia
338 _aمجلد
_bnc
_2rdacarrier
630 2 7 _aالقرآن
_xتجويد
_2aucut
730 2 2 _aالقرآن
942 _2ddc
_cBOOK
_n0
949 _aSA-JeALM
_d250526
_umohamedma123
_n1
999 _c8448
_d8448